000 00340nam a22001337a 4500
008 180927b xxu||||| |||| 00| 0 eng d
020 _a9780923521905
041 _aeng
080 _24 ED
_a618
100 _a10
101 _aGJI
245 _aBaby Me Tje Essential Guide Pregnacy And Newbotn Care
_cStewart.D.D
942 _2udc
_cBK
999 _c48541
_d48541